| 000 | 00999nam a22003257a 4500 | ||
|---|---|---|---|
| 003 | OSt | ||
| 005 | 20140310181920.0 | ||
| 008 | 130718t xxu||||| |||| 00| 0 eng d | ||
| 050 |
_aLB 1050 _b.Ex96 2006 |
||
| 082 |
_aTR 418.4 _bC23 2006 |
||
| 110 |
_a Curriculum Associates, Inc. _91534 |
||
| 245 |
_aExtensions in reading : _bteacher's guide / |
||
| 260 |
_aNorth Billerica, MA : _bCurriculum Associates, Inc, _cc2006. |
||
| 300 |
_a44 p. ; _bill. ; _c28 cm. |
||
| 521 | _aFaculty | ||
| 541 | _j1 | ||
| 541 | _j1 | ||
| 541 | _j1 | ||
| 541 | _j1 | ||
| 541 | _j1 | ||
| 562 | _e1 | ||
| 650 |
_aReading _9902 |
||
| 710 |
_a Curriculum Associates, Inc. _91534 |
||
| 830 |
_aExtension in reading : Series A _91535 |
||
| 830 |
_aExtension in reading : Series B _91536 |
||
| 830 |
_aExtension in reading : Series C _91537 |
||
| 830 |
_aExtension in reading : Series D _91538 |
||
| 830 |
_aExtension in reading : Series E _91539 |
||
| 942 |
_2lcc _cBK-TR _kTR |
||
| 999 |
_c6954 _d6954 |
||